000 00418nam a2200181Ia 4500
001 10067
005 20260306161804.0
008 260306t2008||||xx |||||||||||||| ||spa||
041 _aESP
082 _aCU 869.964
_bR74
100 _aRodríguez, Antonio Orlando
_eAUT
245 0 _aChiquita
260 _c2008
300 _a518 páginas :
_c24 cm.
650 _aGEN
654 _aCHU
942 _cLIB
_dJUS
_fJUS
_2ddc
_n
999 _c10067
_d10067